Spain Provinces by Abbreviation - Statistics

General Stats
  • This quiz has been taken 68 times
  • The average score is 32 of 50
Answers on the Map
Answers color-coded by a green-red scale on the quiz's map according to % correct below.
 
Answer Stats
Abbv Province % Correct
A Alicante
100%
C A Coruña
100%
M Madrid
98%
B Barcelona
96%
V Valencia
96%
L Lleida
94%
J Jaén
91%
O Asturias
91%
P Palencia
91%
T Tarragona
91%
S Cantabria
89%
H Huelva
87%
CA Cádiz
85%
Z Zaragoza
85%
MA Málaga
81%
MU Murcia
70%
AL Almería
68%
BA Badajoz
68%
BI Biscay
68%
SE Seville
68%
VA Valladolid
66%
LE León
64%
GR Granada
62%
TE Teruel
62%
VI Álava
62%
CO Córdoba
60%
NA Navarre
60%
SA Salamanca
60%
PO Pontevedra
57%
LO La Rioja
55%
TO Toledo
55%
GI Girona
53%
LU Lugo
53%
CU Cuenca
51%
BU Burgos
49%
HU Huesca
49%
SO Soria
49%
ZA Zamora
49%
GU Guadalajara
47%
AB Albacete
45%
CR Ciudad Real
43%
AV Ávila
38%
GC Las Palmas
36%
CS Castellón
34%
PM Balearic Islands
34%
CC Cáceres
32%
SS Gipuzkoa
32%
OR Ourense
30%
SG Segovia
28%
TF Santa Cruz de Tenerife
26%
No matching quizzes found
Score Distribution
Percent of People with Each Score
Percentile by Number Answered
Your Score History
You have not taken this quiz